Foodomics: advanced mass spectrometry in modern food science and nutrition

Guardat en:
Dades bibliogràfiques
Autor principal: Cifuentes, Alejandro (Autor)
Format: Llibre
Idioma:anglès
Publicat: Hoboken John Wiley and Sons 2013
Col·lecció:Wiley Series on Mass Spectrometry
Matèries:
Etiquetes: Afegir etiqueta
Sense etiquetes, Sigues el primer a etiquetar aquest registre!

MARC

LEADER 00000cam a2200000 a 4500
001 UCF8572
003 CL-VaPUC
008 130916e20130000us |||||||||||||||||eng|d
020 |a 9781118169452 
082 0 4 |a 664.07  |b CIF  |2 21 
100 0 |a Cifuentes, Alejandro  |e author  |9 570672 
245 1 0 |a Foodomics: advanced mass spectrometry in modern food science and nutrition 
300 |a 560 p 
942 |c BK 
945 |d 20130916 10:38:00  |a dcastane 
260 |a Hoboken  |b John Wiley and Sons  |c 2013 
650 0 |a Análisis de alimentos  |9 361130 
650 7 |a TECNOLOGIA DE ALIMENTOS  |2 CL-VaPUC  |9 570673 
650 0 |a Nutrición   |9 259434 
583 |a last modification  |c 20160920 03:28:44  |k Rodrigo Vera 
490 0 |a Wiley Series on Mass Spectrometry 
999 |c 353139  |d 353137 
952 |0 0  |1 0  |3 erd  |4 0  |6 664_070000000000000_CIF_2013  |7 0  |8 A  |9 458089  |a BIBALI  |b BIBALI  |c GEN  |d 2019-11-23  |i 5009146  |l 5  |m 3  |o 664.07 CIF 2013  |p 5009146  |q 2025-03-28  |r 2024-03-04  |s 2024-03-04  |w 2019-11-23  |y BK  |z Catalogado en:20130916  |k ALI